[Event "EYCC Open-U18 2019"]
[Site "Bratislava"]
[Date "2019.08.08"]
[Round "7.36"]
[White "Jakab, Bela"]
[Black "Toquero Gracia, Pau"]
[Result "1-0"]
[WhiteElo "2278"]
[BlackElo "2080"]
[Annotator "NA"]
[PlyCount "131"]
[EventDate "2019.08.02"]
[EventType "swiss"]
[EventCountry "SVK"]
[SourceTitle "playchess.com"]
[Source "ChessBase"]
[SourceQuality "1"]
[TimeControl "40/5400+30:1800+30"]

1. d4 {[%emt 0:00:00]} d6 {[%emt 0:00:00]} 2. e4 {[%emt 0:00:00]} Nf6 {[%emt 0:00:00]} 3. f3 {[%emt 0:00:00]} Nbd7 {[%emt 0:00:09]} 4. Nc3 {[%emt 0:00:00]} e5 {[%emt 0:01:00]} 5. d5 {[%emt 0:03:09]} c6 {[%emt 0:00:12]} 6. Be3 {[%emt 0:02:55]} Be7 {[%emt 0:08:48]} 7. Qd2 {[%emt 0:01:58]} Qc7 {[%emt 0:06:38]} 8. h4 {[%emt 0:06:03]} a6 {[%emt 0:00:40]} 9. a4 {[%emt 0:07:29]} h5 {[%emt 0:01:26]} 10. a5 {[%emt 0:03:12]} cxd5 {[%emt 0:03:41]} 11. exd5 {[%emt 0:02:31]} b6 {[%emt 0:00:23]} 12. axb6 {[%emt 0:06:15]} Nxb6 {[%emt 0:00:08]} 13. Bxb6 {[%emt 0:03:32]} Qxb6 {[%emt 0:00:30]} 14. Bb5+ {[%emt 0:00:12]} Bd7 {[%emt 0:03:52]} 15. Bxd7+ {[%emt 0:03:46]} Nxd7 {[%emt 0:00:32]} 16. Nge2 {[%emt 0:01:56]} Qxb2 {[%emt 0:17:27]} 17. Rb1 {[%emt 0:01:29]} Qa3 {[%emt 0:00:36]} 18. Ne4 {[%emt 0:01:25]} Nc5 {[%emt 0:06:54]} 19. N2g3 {[%emt 0:01:12]} Nxe4 {[%emt 0:00:08]} 20. Nxe4 {[%emt 0:00:06]} O-O {[%emt 0:02:13]} 21. O-O {[%emt 0:04:50]} Rfb8 {[%emt 0:11:44]} 22. c4 {[%emt 0:12:35]} f5 {[%emt 0:11:39]} 23. Ng3 {[%emt 0:00:13]} Qc5+ {[%emt 0:00:08]} 24. Kh2 {[%emt 0:00:18]} Rxb1 {[%emt 0:01:25]} 25. Rxb1 {[%emt 0:00:06]} Qxc4 {[%emt 0:00:38]} 26. Nxf5 {[%emt 0:00:50]} Re8 {[%emt 0:00:29]} 27. Rb7 {[%emt 0:05:41]} Bf8 {[%emt 0:01:01]} 28. Rb4 {[%emt 0:02:45]} Qc7 {[%emt 0:08:05]} 29. Qg5 {[%emt 0:01:52]} Rb8 {[%emt 0:10:28]} 30. Rxb8 {[%emt 0:03:32]} Qxb8 {[%emt 0:00:07]} 31. Qg6 {[%emt 0:00:10]} Qb4 {[%emt 0:02:09]} 32. Nh6+ {[%emt 0:00:28]} Kh8 {[%emt 0:00:36]} 33. Nf7+ {[%emt 0:00:04]} Kg8 {[%emt 0:00:08]} 34. Kh3 {[%emt 0:05:25]} Be7 {[%emt 0:02:28]} 35. Nh6+ {[%emt 0:01:07]} Kh8 {[%emt 0:00:11]} 36. Nf5 {[%emt 0:01:26]} Bf6 {[%emt 0:00:35]} 37. Qxh5+ {[%emt 0:00:22]} Kg8 {[%emt 0:00:02]} 38. Qe8+ {[%emt 0:00:17]} Kh7 {[%emt 0:00:01]} 39. h5 {[%emt 0:00:34]} Qf4 {[%emt 0:01:30]} 40. Qg6+ {[%emt 0:00:00]} Kg8 {[%emt 0:00:00]} 41. h6 {[%emt 0:05:43]} Qg5 {[%emt 0:00:58]} 42. Qxg5 {[%emt 0:06:12]} Bxg5 {[%emt 0:00:01]} 43. hxg7 {[%emt 0:00:20]} a5 {[%emt 0:01:18]} 44. Kg4 {[%emt 0:03:06]} Bf6 {[%emt 0:00:46]} 45. Nxd6 {[%emt 0:01:12]} Bxg7 {[%emt 0:00:51]} 46. Kf5 {[%emt 0:00:34]} a4 {[%emt 0:00:48]} 47. Nc4 {[%emt 0:00:52]} Bf8 {[%emt 0:02:50]} 48. Kxe5 {[%emt 0:00:53]} a3 {[%emt 0:01:00]} 49. Nxa3 {[%emt 0:00:42]} Bxa3 {[%emt 0:00:02]} 50. Ke6 {[%emt 0:00:23]} Kf8 {[%emt 0:00:01]} 51. Kd7 {[%emt 0:01:20]} Bc1 {[%emt 0:00:26]} 52. g3 {[%emt 0:02:47]} Be3 {[%emt 0:00:17]} 53. d6 {[%emt 0:02:06]} Bf2 {[%emt 0:01:05]} 54. g4 {[%emt 0:00:08]} Bg3 {[%emt 0:00:58]} 55. Ke6 {[%emt 0:00:05]} Bf4 {[%emt 0:00:58]} 56. d7 {[%emt 0:00:18]} Bg5 {[%emt 0:00:34]} 57. f4 {[%emt 0:00:07]} Bd8 {[%emt 0:00:13]} 58. g5 {[%emt 0:02:08]} Be7 {[%emt 0:03:03]} 59. f5 {[%emt 0:01:23]} Bd8 {[%emt 0:00:56]} 60. f6 {[%emt 0:00:27]} Kg8 {[%emt 0:00:07]} 61. Kd6 {[%emt 0:00:57]} Kf7 {[%emt 0:01:00]} 62. Ke5 {[%emt 0:00:56]} Kf8 {[%emt 0:01:26]} 63. g6 {[%emt 0:00:18]} Kg8 {[%emt 0:00:36]} 64. Kf5 {[%emt 0:04:06]} Ba5 {[%emt 0:03:56]} 65. Ke6 {[%emt 0:01:34]} Bd8 {[%emt 0:00:01]} 66. g7 {[%emt 0:00:18]} 1-0

[Event "EYCC Open-U18 2019"]
[Site "Bratislava"]
[Date "2019.08.08"]
[Round "7.37"]
[White "Alivodic, Dario"]
[Black "Halfhide, Sebastian"]
[Result "1-0"]
[WhiteElo "2120"]
[BlackElo "2286"]
[Annotator "NA"]
[PlyCount "65"]
[EventDate "2019.08.02"]
[EventType "swiss"]
[EventCountry "SVK"]
[SourceTitle "playchess.com"]
[Source "ChessBase"]
[SourceQuality "1"]
[TimeControl "40/5400+30:1800+30"]

1. e4 {[%emt 0:00:11]} c5 {[%emt 0:01:29]} 2. b4 {[%emt 0:00:06]} cxb4 {[%emt 0:00:10]} 3. d4 {[%emt 0:00:04]} d5 {[%emt 0:01:22]} 4. exd5 {[%emt 0:00:04]} Qxd5 {[%emt 0:06:06]} 5. c4 {[%emt 0:00:27]} Qe4+ {[%emt 0:04:14]} 6. Be3 {[%emt 0:00:53]} e5 {[%emt 0:04:00]} 7. Nd2 {[%emt 0:02:06]} Qg6 {[%emt 0:03:34]} 8. dxe5 {[%emt 0:00:48]} Nh6 {[%emt 0:06:06]} 9. Bxh6 {[%emt 0:07:06]} Qxh6 {[%emt 0:00:37]} 10. Ngf3 {[%emt 0:02:54]} Be7 {[%emt 0:04:42]} 11. Bd3 {[%emt 0:00:33]} O-O {[%emt 0:01:29]} 12. Qe2 {[%emt 0:02:45]} Nc6 {[%emt 0:05:59]} 13. O-O {[%emt 0:03:06]} Re8 {[%emt 0:01:39]} 14. Be4 {[%emt 0:01:31]} Bf8 {[%emt 0:05:19]} 15. Bxc6 {[%emt 0:00:39]} Qxc6 {[%emt 0:00:37]} 16. Rfe1 {[%emt 0:11:40]} Bg4 {[%emt 0:12:21]} 17. h3 {[%emt 0:06:26]} Bh5 {[%emt 0:03:01]} 18. g4 {[%emt 0:00:56]} Bg6 {[%emt 0:00:06]} 19. Nd4 {[%emt 0:00:15]} Qb6 {[%emt 0:01:54]} 20. N2f3 {[%emt 0:01:47]} Rad8 {[%emt 0:03:37]} 21. Rad1 {[%emt 0:05:39]} Bc5 {[%emt 0:02:05]} 22. Nf5 {[%emt 0:05:12]} Rxd1 {[%emt 0:05:14]} 23. Rxd1 {[%emt 0:00:05]} f6 {[%emt 0:04:56]} 24. Rd7 {[%emt 0:00:42]} Bxf5 {[%emt 0:03:36]} 25. gxf5 {[%emt 0:00:35]} fxe5 {[%emt 0:00:50]} 26. Ng5 {[%emt 0:11:00]} Qc6 {[%emt 0:12:45]} 27. Rf7 {[%emt 0:00:02]} Be7 {[%emt 0:02:35]} 28. Qh5 {[%emt 0:00:17]} Bxg5 {[%emt 0:00:39]} 29. Rc7 {[%emt 0:00:04]} Qf6 {[%emt 0:02:51]} 30. Qxe8+ {[%emt 0:00:07]} Qf8 {[%emt 0:00:04]} 31. Qe6+ {[%emt 0:00:08]} Kh8 {[%emt 0:00:03]} 32. Rc8 {[%emt 0:00:09]} Bd8 {[%emt 0:00:04]} 33. Qd7 {[%emt 0:00:07]} 1-0

[Event "EYCC Open-U18 2019"]
[Site "Bratislava"]
[Date "2019.08.08"]
[Round "7.38"]
[White "Crevatin, Leo"]
[Black "Horak, Jan"]
[Result "1-0"]
[WhiteElo "2146"]
[BlackElo "2020"]
[Annotator "NA"]
[PlyCount "93"]
[EventDate "2019.08.02"]
[EventType "swiss"]
[EventCountry "SVK"]
[SourceTitle "playchess.com"]
[Source "ChessBase"]
[SourceQuality "1"]
[TimeControl "40/5400+30:1800+30"]

1. d4 {[%emt 0:00:00]} Nf6 {[%emt 0:00:00]} 2. c4 {[%emt 0:00:00]} c5 {[%emt 0:00:00]} 3. d5 {[%emt 0:00:00]} e6 {[%emt 0:00:12]} 4. Nc3 {[%emt 0:00:00]} exd5 {[%emt 0:00:14]} 5. cxd5 {[%emt 0:00:00]} d6 {[%emt 0:00:17]} 6. e4 {[%emt 0:00:00]} g6 {[%emt 0:00:08]} 7. Nge2 {[%emt 0:00:00]} Bg7 {[%emt 0:00:31]} 8. Ng3 {[%emt 0:00:00]} O-O {[%emt 0:01:17]} 9. Be2 {[%emt 0:00:00]} h5 {[%emt 0:00:43]} 10. Bg5 {[%emt 0:05:53]} Qb6 {[%emt 0:01:39]} 11. Qb3 {[%emt 0:01:47]} Qc7 {[%emt 0:16:48]} 12. O-O {[%emt 0:04:07]} a6 {[%emt 0:01:09]} 13. a4 {[%emt 0:09:09]} Nh7 {[%emt 0:01:13]} 14. Bf4 {[%emt 0:02:33]} h4 {[%emt 0:00:45]} 15. Nh1 {[%emt 0:00:23]} b6 {[%emt 0:02:33]} 16. f3 {[%emt 0:02:52]} Nd7 {[%emt 0:02:16]} 17. Nf2 {[%emt 0:02:00]} Ne5 {[%emt 0:21:14]} 18. Be3 {[%emt 0:04:14]} f5 {[%emt 0:01:00]} 19. f4 {[%emt 0:07:32]} Nf7 {[%emt 0:01:48]} 20. e5 {[%emt 0:14:20]} dxe5 {[%emt 0:02:42]} 21. d6 {[%emt 0:00:13]} Qxd6 {[%emt 0:11:39]} 22. Rfd1 {[%emt 0:00:18]} Qc6 {[%emt 0:01:06]} 23. Nd5 {[%emt 0:01:30]} Kh8 {[%emt 0:04:45]} 24. Qxb6 {[%emt 0:03:32]} Qxb6 {[%emt 0:03:38]} 25. Nxb6 {[%emt 0:00:01]} Rb8 {[%emt 0:00:20]} 26. Bxc5 {[%emt 0:01:15]} Re8 {[%emt 0:00:48]} 27. Bc4 {[%emt 0:00:40]} Nh6 {[%emt 0:03:38]} 28. fxe5 {[%emt 0:02:38]} Bxe5 {[%emt 0:06:00]} 29. Nd3 {[%emt 0:00:27]} Bf6 {[%emt 0:03:00]} 30. Re1 {[%emt 0:04:42]} Bb7 {[%emt 0:02:23]} 31. Nd7 {[%emt 0:01:07]} Rbc8 {[%emt 0:00:01]} 32. Nxf6 {[%emt 0:05:10]} Nxf6 {[%emt 0:00:02]} 33. Bd4 {[%emt 0:01:11]} Rxe1+ {[%emt 0:05:01]} 34. Rxe1 {[%emt 0:00:05]} Rxc4 {[%emt 0:00:04]} 35. Bxf6+ {[%emt 0:00:29]} Kg8 {[%emt 0:00:03]} 36. Re7 {[%emt 0:01:24]} Rxa4 {[%emt 0:03:13]} 37. b3 {[%emt 0:01:18]} Re4 {[%emt 0:01:30]} 38. Rxb7 {[%emt 0:01:23]} Ng4 {[%emt 0:00:18]} 39. Bxh4 {[%emt 0:01:23]} Rd4 {[%emt 0:01:11]} 40. Rb8+ {[%emt 0:00:00]} Kg7 {[%emt 0:00:00]} 41. Rd8 {[%emt 0:00:39]} Re4 {[%emt 0:01:15]} 42. h3 {[%emt 0:00:29]} Ne3 {[%emt 0:01:35]} 43. Bf2 {[%emt 0:00:34]} Nd1 {[%emt 0:00:25]} 44. Nc5 {[%emt 0:01:24]} Nxf2 {[%emt 0:00:07]} 45. Kxf2 {[%emt 0:00:19]} Rb4 {[%emt 0:00:07]} 46. Rd7+ {[%emt 0:00:39]} Kh6 {[%emt 0:00:26]} 47. Rb7 {[%emt 0:00:15]} 1-0

[Event "EYCC Open-U18 2019"]
[Site "Bratislava"]
[Date "2019.08.08"]
[Round "7.39"]
[White "Johannsson, Birkir Isak"]
[Black "Castillo Dalmau, Albert"]
[Result "0-1"]
[WhiteElo "1988"]
[BlackElo "2252"]
[Annotator "NA"]
[PlyCount "126"]
[EventDate "2019.08.02"]
[EventType "swiss"]
[EventCountry "SVK"]
[SourceTitle "playchess.com"]
[Source "ChessBase"]
[SourceQuality "1"]
[TimeControl "40/5400+30:1800+30"]

1. Nf3 {[%emt 0:00:00]} Nf6 {[%emt 0:00:00]} 2. c4 {[%emt 0:00:00]} e6 {[%emt 0:00:02]} 3. Nc3 {[%emt 0:00:00]} b6 {[%emt 0:00:58]} 4. e4 {[%emt 0:00:58]} d6 {[%emt 0:02:15]} 5. d4 {[%emt 0:00:29]} Bb7 {[%emt 0:00:07]} 6. Bd3 {[%emt 0:00:48]} c5 {[%emt 0:08:25]} 7. d5 {[%emt 0:00:54]} exd5 {[%emt 0:00:21]} 8. cxd5 {[%emt 0:05:31]} Nbd7 {[%emt 0:03:12]} 9. h3 {[%emt 0:02:04]} Be7 {[%emt 0:00:29]} 10. O-O {[%emt 0:00:22]} O-O {[%emt 0:00:04]} 11. Bf4 {[%emt 0:02:11]} a6 {[%emt 0:00:16]} 12. a4 {[%emt 0:00:13]} Re8 {[%emt 0:00:08]} 13. Re1 {[%emt 0:02:00]} Bf8 {[%emt 0:00:17]} 14. Qd2 {[%emt 0:05:43]} Qc7 {[%emt 0:05:08]} 15. Bc4 {[%emt 0:00:33]} h6 {[%emt 0:15:43]} 16. Rad1 {[%emt 0:01:59]} g5 {[%emt 0:15:15]} 17. Bh2 {[%emt 0:05:00]} Bg7 {[%emt 0:00:56]} 18. Bf1 {[%emt 0:07:42]} Nh5 {[%emt 0:02:18]} 19. Bd3 {[%emt 0:09:16]} Ne5 {[%emt 0:23:28]} 20. Be2 {[%emt 0:01:06]} Nxf3+ {[%emt 0:02:53]} 21. Bxf3 {[%emt 0:00:11]} Nf6 {[%emt 0:00:27]} 22. e5 {[%emt 0:07:45]} dxe5 {[%emt 0:00:09]} 23. d6 {[%emt 0:01:37]} Qd7 {[%emt 0:00:03]} 24. Bxb7 {[%emt 0:00:14]} Qxb7 {[%emt 0:00:01]} 25. Rxe5 {[%emt 0:02:52]} Qd7 {[%emt 0:07:12]} 26. Qd3 {[%emt 0:03:02]} Re6 {[%emt 0:02:11]} 27. Rxe6 {[%emt 0:08:43]} Qxe6 {[%emt 0:00:11]} 28. Bg3 {[%emt 0:03:10]} Ra7 {[%emt 0:05:30]} 29. Qd2 {[%emt 0:03:06]} Rd7 {[%emt 0:00:23]} 30. Re1 {[%emt 0:00:33]} Qc4 {[%emt 0:00:41]} 31. Re7 {[%emt 0:01:01]} Bf8 {[%emt 0:00:33]} 32. Rxd7 {[%emt 0:02:58]} Nxd7 {[%emt 0:00:01]} 33. Qe3 {[%emt 0:02:39]} Qe6 {[%emt 0:00:22]} 34. Qd3 {[%emt 0:04:14]} c4 {[%emt 0:00:52]} 35. Qd4 {[%emt 0:00:22]} Bg7 {[%emt 0:00:21]} 36. Qd2 {[%emt 0:00:26]} Bf8 {[%emt 0:00:35]} 37. Qd4 {[%emt 0:00:57]} Bg7 {[%emt 0:00:06]} 38. Qd2 {[%emt 0:00:20]} Be5 {[%emt 0:00:48]} 39. Bxe5 {[%emt 0:00:38]} Qxe5 {[%emt 0:00:02]} 40. Nd1 {[%emt 0:00:00]} b5 {[%emt 0:00:00]} 41. Ne3 {[%emt 0:06:31]} c3 {[%emt 0:12:49]} 42. bxc3 {[%emt 0:06:54]} bxa4 {[%emt 0:00:01]} 43. Ng4 {[%emt 0:02:47]} Qe6 {[%emt 0:01:23]} 44. Ne3 {[%emt 0:04:13]} a3 {[%emt 0:01:35]} 45. c4 {[%emt 0:00:01]} Qe5 {[%emt 0:00:48]} 46. Nd1 {[%emt 0:00:37]} a2 {[%emt 0:01:50]} 47. Qxa2 {[%emt 0:00:24]} Qe1+ {[%emt 0:00:09]} 48. Kh2 {[%emt 0:00:06]} Qxd1 {[%emt 0:00:07]} 49. Qxa6 {[%emt 0:00:04]} Kg7 {[%emt 0:01:57]} 50. Qc6 {[%emt 0:01:09]} Ne5 {[%emt 0:01:20]} 51. Qc7 {[%emt 0:00:54]} Qd4 {[%emt 0:02:23]} 52. Kg1 {[%emt 0:02:24]} Qf4 {[%emt 0:07:05]} 53. g3 {[%emt 0:04:32]} Qc1+ {[%emt 0:01:34]} 54. Kg2 {[%emt 0:00:44]} Qd2 {[%emt 0:00:55]} 55. Qe7 {[%emt 0:02:27]} Qd4 {[%emt 0:01:01]} 56. Kg1 {[%emt 0:00:41]} Ng6 {[%emt 0:01:21]} 57. Qc7 {[%emt 0:00:28]} Nf8 {[%emt 0:00:30]} 58. Qe7 {[%emt 0:01:03]} Qc5 {[%emt 0:00:44]} 59. Qc7 {[%emt 0:00:00]} Ne6 {[%emt 0:00:32]} 60. Qe7 {[%emt 0:01:23]} Qxc4 {[%emt 0:01:11]} 61. d7 {[%emt 0:00:07]} Qd4 {[%emt 0:00:40]} 62. Kf1 {[%emt 0:00:25]} Qf6 {[%emt 0:01:08]} 63. Qd6 {[%emt 0:00:15]} Qd8 {[%emt 0:00:27]} 0-1

[Event "EYCC Open-U18 2019"]
[Site "Bratislava"]
[Date "2019.08.08"]
[Round "7.40"]
[White "Ghersinich, Enrico"]
[Black "Novosel, Marko"]
[Result "0-1"]
[WhiteElo "2221"]
[BlackElo "1981"]
[Annotator "NA"]
[PlyCount "60"]
[EventDate "2019.08.02"]
[EventType "swiss"]
[EventCountry "SVK"]
[SourceTitle "playchess.com"]
[Source "ChessBase"]
[SourceQuality "1"]
[TimeControl "40/5400+30:1800+30"]

1. d4 {[%emt 0:00:00]} Nf6 {[%emt 0:00:00]} 2. Bg5 {[%emt 0:00:08]} e6 {[%emt 0:00:27]} 3. e4 {[%emt 0:00:22]} Be7 {[%emt 0:00:08]} 4. Bd3 {[%emt 0:00:46]} d5 {[%emt 0:00:45]} 5. e5 {[%emt 0:01:51]} Nfd7 {[%emt 0:00:16]} 6. Bxe7 {[%emt 0:00:37]} Qxe7 {[%emt 0:00:07]} 7. Nd2 {[%emt 0:00:47]} c5 {[%emt 0:00:29]} 8. c3 {[%emt 0:00:22]} cxd4 {[%emt 0:00:53]} 9. cxd4 {[%emt 0:00:09]} Nc6 {[%emt 0:00:07]} 10. Ne2 {[%emt 0:01:30]} O-O {[%emt 0:04:23]} 11. a3 {[%emt 0:02:56]} f6 {[%emt 0:00:17]} 12. exf6 {[%emt 0:00:16]} Qxf6 {[%emt 0:00:17]} 13. Nf3 {[%emt 0:01:48]} e5 {[%emt 0:00:46]} 14. Qb3 {[%emt 0:03:42]} Nb6 {[%emt 0:00:46]} 15. dxe5 {[%emt 0:02:37]} Nxe5 {[%emt 0:00:18]} 16. Nxe5 {[%emt 0:00:12]} Qxe5 {[%emt 0:16:51]} 17. O-O {[%emt 0:00:27]} Be6 {[%emt 0:01:24]} 18. Rae1 {[%emt 0:07:36]} Rf6 {[%emt 0:03:11]} 19. Qb4 {[%emt 0:07:18]} Qg5 {[%emt 0:21:03]} 20. f4 {[%emt 0:07:04]} Qh4 {[%emt 0:05:26]} 21. Nd4 {[%emt 0:02:37]} Bd7 {[%emt 0:08:45]} 22. g3 {[%emt 0:02:31]} Qh5 {[%emt 0:03:15]} 23. Re5 {[%emt 0:00:17]} Qh3 {[%emt 0:05:53]} 24. Rf2 {[%emt 0:03:22]} Raf8 {[%emt 0:01:53]} 25. Bf1 {[%emt 0:00:28]} Qg4 {[%emt 0:08:50]} 26. Be2 {[%emt 0:00:17]} Qg6 {[%emt 0:00:07]} 27. Bh5 {[%emt 0:02:30]} Qd3 {[%emt 0:00:56]} 28. Bf3 {[%emt 0:04:51]} Kh8 {[%emt 0:02:42]} 29. Re7 {[%emt 0:04:34]} Bh3 {[%emt 0:01:13]} 30. Rd2 {[%emt 0:03:06]} Qf1# {[%emt 0:01:12]} 0-1

[Event "EYCC Open-U18 2019"]
[Site "Bratislava"]
[Date "2019.08.08"]
[Round "7.41"]
[White "Rodriguez Izquierdo, Luis"]
[Black "Veleshnja, Zino"]
[Result "1/2-1/2"]
[WhiteElo "2007"]
[BlackElo "2131"]
[Annotator "NA"]
[PlyCount "82"]
[EventDate "2019.08.02"]
[EventType "swiss"]
[EventCountry "SVK"]
[SourceTitle "playchess.com"]
[Source "ChessBase"]
[SourceQuality "1"]
[TimeControl "40/5400+30:1800+30"]

1. e4 {[%emt 0:00:00]} c5 {[%emt 0:00:00]} 2. Nf3 {[%emt 0:00:00]} d6 {[%emt 0:00:00]} 3. d4 {[%emt 0:00:00]} cxd4 {[%emt 0:00:00]} 4. Nxd4 {[%emt 0:00:18]} Nf6 {[%emt 0:00:00]} 5. Nc3 {[%emt 0:00:30]} a6 {[%emt 0:00:00]} 6. h3 {[%emt 0:00:20]} e5 {[%emt 0:00:00]} 7. Nde2 {[%emt 0:00:25]} h5 {[%emt 0:00:00]} 8. Bg5 {[%emt 0:00:54]} Be6 {[%emt 0:00:00]} 9. Bxf6 {[%emt 0:01:15]} Qxf6 {[%emt 0:00:00]} 10. Nd5 {[%emt 0:00:39]} Qd8 {[%emt 0:00:00]} 11. Nec3 {[%emt 0:00:45]} g6 {[%emt 0:00:44]} 12. Bc4 {[%emt 0:01:30]} Bh6 {[%emt 0:00:57]} 13. Bb3 {[%emt 0:01:12]} O-O {[%emt 0:01:12]} 14. O-O {[%emt 0:02:25]} Nc6 {[%emt 0:03:36]} 15. Qd3 {[%emt 0:02:21]} Rc8 {[%emt 0:04:33]} 16. Rad1 {[%emt 0:04:13]} Nd4 {[%emt 0:07:12]} 17. f4 {[%emt 0:07:57]} Nxb3 {[%emt 0:02:57]} 18. axb3 {[%emt 0:01:06]} Bxd5 {[%emt 0:01:52]} 19. Nxd5 {[%emt 0:01:11]} exf4 {[%emt 0:03:58]} 20. Nxf4 {[%emt 0:01:19]} Qb6+ {[%emt 0:06:45]} 21. Kh1 {[%emt 0:00:58]} Bxf4 {[%emt 0:01:38]} 22. Rxf4 {[%emt 0:00:10]} Qc5 {[%emt 0:04:12]} 23. c3 {[%emt 0:03:21]} Qg5 {[%emt 0:04:41]} 24. Qf3 {[%emt 0:06:30]} Qe7 {[%emt 0:06:33]} 25. Rf6 {[%emt 0:06:28]} Rc6 {[%emt 0:10:01]} 26. Qf4 {[%emt 0:03:27]} Rd8 {[%emt 0:02:43]} 27. Rf1 {[%emt 0:10:15]} Rd7 {[%emt 0:03:00]} 28. b4 {[%emt 0:09:34]} Rc4 {[%emt 0:07:31]} 29. Qd2 {[%emt 0:06:01]} Rxe4 {[%emt 0:10:59]} 30. Rxf7 {[%emt 0:00:51]} Qxf7 {[%emt 0:00:19]} 31. Rxf7 {[%emt 0:00:06]} Kxf7 {[%emt 0:00:22]} 32. Qh6 {[%emt 0:03:30]} Rde7 {[%emt 0:02:07]} 33. Qh7+ {[%emt 0:00:46]} Kf6 {[%emt 0:00:18]} 34. Qh8+ {[%emt 0:00:03]} Kf7 {[%emt 0:02:48]} 35. Qh7+ {[%emt 0:00:08]} Kf6 {[%emt 0:00:24]} 36. Qh8+ {[%emt 0:00:04]} Kg5 {[%emt 0:01:06]} 37. Qd8 {[%emt 0:00:26]} R4e6 {[%emt 0:00:15]} 38. Qf8 {[%emt 0:00:07]} h4 {[%emt 0:02:15]} 39. Kh2 {[%emt 0:00:25]} d5 {[%emt 0:02:15]} 40. Qd8 {[%emt 0:00:00]} Re5 {[%emt 0:00:00]} 41. Qc8 {[%emt 0:01:18]} R5e6 {[%emt 0:01:10]} 1/2-1/2

[Event "EYCC Open-U18 2019"]
[Site "Bratislava"]
[Date "2019.08.08"]
[Round "7.42"]
[White "Baranciuc, Alexandr"]
[Black "Brozyna, Mateusz"]
[Result "0-1"]
[WhiteElo "1901"]
[BlackElo "2258"]
[Annotator "NA"]
[PlyCount "124"]
[EventDate "2019.08.02"]
[EventType "swiss"]
[EventCountry "SVK"]
[SourceTitle "playchess.com"]
[Source "ChessBase"]
[SourceQuality "1"]
[TimeControl "40/5400+30:1800+30"]

1. e4 {[%emt 0:00:00]} e5 {[%emt 0:00:00]} 2. Nf3 {[%emt 0:00:00]} Nc6 {[%emt 0:00:00]} 3. Bc4 {[%emt 0:00:00]} Bc5 {[%emt 0:00:00]} 4. c3 {[%emt 0:00:01]} Nf6 {[%emt 0:00:00]} 5. d3 {[%emt 0:00:05]} a6 {[%emt 0:00:04]} 6. h3 {[%emt 0:00:25]} d6 {[%emt 0:00:08]} 7. Bb3 {[%emt 0:00:50]} h6 {[%emt 0:01:10]} 8. Nbd2 {[%emt 0:01:38]} Be6 {[%emt 0:00:11]} 9. O-O {[%emt 0:04:50]} O-O {[%emt 0:00:13]} 10. Re1 {[%emt 0:01:22]} Re8 {[%emt 0:00:09]} 11. Nf1 {[%emt 0:00:54]} Ba7 {[%emt 0:03:09]} 12. Ng3 {[%emt 0:01:50]} d5 {[%emt 0:00:18]} 13. exd5 {[%emt 0:14:44]} Bxd5 {[%emt 0:00:31]} 14. Ne4 {[%emt 0:03:20]} Nh5 {[%emt 0:17:24]} 15. Bxd5 {[%emt 0:05:10]} Qxd5 {[%emt 0:00:12]} 16. Nh4 {[%emt 0:02:40]} Nf4 {[%emt 0:04:36]} 17. Qg4 {[%emt 0:03:10]} Qe6 {[%emt 0:07:15]} 18. Nf5 {[%emt 0:08:02]} Qg6 {[%emt 0:10:26]} 19. Bxf4 {[%emt 0:01:02]} Qxg4 {[%emt 0:01:01]} 20. hxg4 {[%emt 0:00:10]} exf4 {[%emt 0:00:07]} 21. d4 {[%emt 0:02:15]} Kf8 {[%emt 0:09:02]} 22. Re2 {[%emt 0:14:40]} Ne7 {[%emt 0:02:31]} 23. Nxe7 {[%emt 0:00:26]} Rxe7 {[%emt 0:01:48]} 24. Rae1 {[%emt 0:00:08]} Rd8 {[%emt 0:03:30]} 25. b4 {[%emt 0:08:36]} Rd5 {[%emt 0:09:11]} 26. Nd2 {[%emt 0:01:47]} Rxe2 {[%emt 0:01:19]} 27. Rxe2 {[%emt 0:01:57]} f6 {[%emt 0:07:19]} 28. Re4 {[%emt 0:02:01]} g5 {[%emt 0:00:39]} 29. Nc4 {[%emt 0:02:18]} b5 {[%emt 0:01:51]} 30. Nb2 {[%emt 0:00:16]} Rd6 {[%emt 0:02:01]} 31. Nd3 {[%emt 0:11:24]} Kf7 {[%emt 0:01:20]} 32. f3 {[%emt 0:02:26]} a5 {[%emt 0:01:16]} 33. bxa5 {[%emt 0:03:24]} Rc6 {[%emt 0:03:21]} 34. Nc5 {[%emt 0:01:47]} Bxc5 35. dxc5 Ra6 {[%emt 0:00:49]} 36. c6 {[%emt 0:02:08]} Rxa5 {[%emt 0:00:16]} 37. Rd4 {[%emt 0:01:06]} Rxa2 {[%emt 0:04:49]} 38. Rd7+ {[%emt 0:00:08]} Ke6 {[%emt 0:03:13]} 39. Rxc7 {[%emt 0:00:04]} Rc2 {[%emt 0:01:56]} 40. Rb7 {[%emt 0:00:00]} Rxc3 41. Rxb5 {[%emt 0:02:31]} Rxc6 {[%emt 0:03:07]} 42. Kh2 {[%emt 0:00:34]} Kf7 {[%emt 0:00:50]} 43. Rb8 {[%emt 0:00:23]} Rc7 {[%emt 0:02:10]} 44. Kh3 {[%emt 0:01:22]} Kg6 {[%emt 0:00:49]} 45. Rg8+ {[%emt 0:02:32]} Rg7 {[%emt 0:00:17]} 46. Rf8 {[%emt 0:00:06]} Rh7 {[%emt 0:00:15]} 47. Rg8+ {[%emt 0:00:19]} Kf7 {[%emt 0:00:13]} 48. Ra8 {[%emt 0:02:04]} h5 {[%emt 0:02:53]} 49. Ra7+ {[%emt 0:02:52]} Kg6 {[%emt 0:00:10]} 50. Rxh7 {[%emt 0:00:05]} hxg4+ {[%emt 0:00:23]} 51. Kxg4 {[%emt 0:00:09]} f5+ {[%emt 0:00:06]} 52. Kh3 {[%emt 0:00:29]} Kxh7 {[%emt 0:00:07]} 53. Kh2 {[%emt 0:00:13]} Kg6 {[%emt 0:00:07]} 54. Kg1 {[%emt 0:00:16]} Kf6 {[%emt 0:00:15]} 55. Kf2 {[%emt 0:00:17]} Ke5 {[%emt 0:00:05]} 56. Ke2 {[%emt 0:00:03]} Kd4 {[%emt 0:00:08]} 57. Kd2 {[%emt 0:00:03]} Kc4 {[%emt 0:01:35]} 58. Kc2 {[%emt 0:00:25]} g4 {[%emt 0:00:52]} 59. Kd2 {[%emt 0:02:17]} gxf3 {[%emt 0:00:26]} 60. gxf3 {[%emt 0:00:07]} Kd4 {[%emt 0:00:07]} 61. Ke2 {[%emt 0:00:29]} Kc3 {[%emt 0:00:45]} 62. Ke1 {[%emt 0:00:41]} Kd3 {[%emt 0:00:06]} 0-1